=LDR 00000nam 2200000 4500 =001 INLIS000000000053800 =005 20200318080438 =035 ##$$a 0010-0219000057 =007 ta =008 200318################g##########0#ind## =020 ##$$a 978-979-24-9356-6 =082 ##$$a 297.437 =084 ##$$a 297.437 SAI p =100 #$$a Saiful Hadi El-Sutha =245 1#$$a Pintar mendidik anak ala Rasulullah : $b Tuntutan mendapatkan anak shaleh/ shalehah dari fase pra hamil hingga usia remaja /$c Saiful Hadi El-Sutha =260 ##$$a Jakarta :$b Kalam Mulia,$c 2015 =300 ##$$a xvi, 236 hlm. ; $c 21 x 15 cm =650 #4$$a Memelihara Anak =520 ##$$a Bibliografi : hlm. 233-234 Biografi Hlm. 235-236 =250 ##$$a cet. 1 =990 ##$$a 51800128